| 000 | 00623nam a22002177a 4500 | ||
|---|---|---|---|
| 003 | UA-OsUOA | ||
| 001 | 852 | ||
| 007 | ta | ||
| 008 | 20050706b un ||||| |||| 00| 0 ukr d | ||
| 090 |
_a820+81 _bФ54 |
||
| 942 | _cBK | ||
| 040 |
_aUA-OsUOA _brus _cUA-OsUOA _dUA-OsUOA |
||
| 245 |
_aPhilologica _bИсследования по языку и литературе |
||
| 300 | _a435 с. | ||
| 955 | _a2 | ||
| 041 | _arus | ||
| 080 | _a820+81 | ||
| 260 |
_aМ. _bНаука _c1973 |
||
| 650 | 7 |
_a8 Мовознавство. Художня література. Літературознавство _2UDC |
|
| 999 |
_c287028 _d287028 |
||